Регионална библиотека "Любен Каравелов" - Русе

Zwei sonaten (Запис номер 349567)

MARC детайли
000 -Лидер
Контролно поле с фиксирана дължина 01103ncm a2200313 a 4500
003 - Код на организацията, давaща контролен номер
Контролно поле BLK
005 - Дата и час на последна редакция
Контролно поле 20250127155503.0
008 - Елементи от данни с фиксирана дължина
fixed length control field 200324b bu ||||| |||| 00| 0 bu d
040 ## - Източник на каталожния запис
Идентификатор на билиотеката - собственик на записа BLK
041 ## - Код за език
Код за езика на текст/звукозапис или на отделно заглавие Немски
Код за езика КДБФ Немски
080 ## - УДК
Текстов определител УДК Кларинет, баскларинет, басетхорн
УДК код - определител по УДК 788.6
УДК определител 788.6
100 ## - Редна дума - Автор
Автор Brahms, Johannes
Авторска отговорност първи автор
R(LIN) 1299
139 ## - Редно поле
Редна дума Brahms, Johannes
Авторски знак Брак - Б 76
245 ## - Сведения за заглавието
Заглавие Zwei sonaten
Подзаглавни данни fur klarinette (oder bratsche) und klavier
Редно поле (дума) Johannes Brahms; Йоханес Брамс; hrsg. von Carl Herrmann; klarinettenstimme von Heinrich Bading
Версия op. 120
257 ## - Страна на издаване
Страна на създаване/издаване Германия
260 ## - Област на издателските данни
9 (RLIN) 211254
Място на издаване, разпространение и проч. Leipzig
Име на издателя, разпространителя и проч. Peters 3896c
Година на издаване s. a.
300 ## - Физическа характеристика
Страници 60 с.
Размери/Мащаб 30 см
Съпровождащи материали щим 16 с.
380 ## - Жанр
Жанр Изкуство
650 #0 - Допълнително описание по предмет – тема
Основно описание – тема или топоним Дуо - кларинет и пиано
9 (RLIN) 353801
653 #7 - Ключова дума – ненормативна
9 (RLIN) 188643
Ключова дума кларинети
653 #7 - Ключова дума – ненормативна
9 (RLIN) 193730
Ключова дума пиано
700 ## - Други автори (авторска отговорност)
9 (RLIN) 127
Лично име Herrmann, Carl
Автороска отговорност (Описва отношението между автора и произведението) hrsg. von
852 ## - Местоположение
Форматна сигнатура Цб М II 2928
Фондова буква Отдел Изкуство - подръчен фонд
999 ## - СИСТЕМНИ КОНТРОЛНИ НОМЕРА
Koha biblionumber 349567
Koha biblioitemnumber 349567
942 ## - АРТИКУЛИ
Вид на библиотечния материал Нотни издания
Скрит в OPAC Не
Периодичен библиозапис Да
944 ## - СЪЗДАВАНЕ И РЕДАКЦИЯ на ЗАПИСА
Дата на регистрацията/редакция 2020-03-25
Служител, извършил регистрацията/редакцията 30560
Статус, дата на статуса Геновева Генчева
999 ## - СИСТЕМНИ КОНТРОЛНИ НОМЕРА
Koha biblioitemnumber 349567
999 ## - СИСТЕМНИ КОНТРОЛНИ НОМЕРА
Koha biblioitemnumber 349567
999 ## - СИСТЕМНИ КОНТРОЛНИ НОМЕРА
Koha biblioitemnumber 349339
Наличности
Код за отписване Код за изгубен артикул Източник на класификационната схема Код за повреда Коз за рестрикции Код за отдаване Артикулен № Име на библиотеката - собственик Име на библиотеката, в която се намира в момента Статус (Текущо местоположение) Дата на вписване в системата Местоположение - отдел Цена в лева Инвентарен номер Систематично азбучна сигнатура Баркод Цена в евро Служебен тип на артикула
  Не е изгубен Universal Decimal Classification Не е повреден без рестрикции заемане за дома 757040 Регионална библиотека "Любен Каравелов" Русе Регионална библиотека "Любен Каравелов" Русе Отдел Изкуство - подръчен фонд 2020-03-30 Отдел Изкуство - подръчен фонд 1.10 11489/57 788/Б 76 И 900000002832 0.56 Нотни издания
  Не е изгубен Universal Decimal Classification Не е повреден без рестрикции заемане за дома 757041 Регионална библиотека "Любен Каравелов" Русе Регионална библиотека "Любен Каравелов" Русе Отдел Изкуство - подръчен фонд 2020-03-30 Отдел Изкуство - подръчен фонд 0.60 6827/64 788/Б 76 И 900000002831 0.31 Нотни издания
  Не е изгубен Universal Decimal Classification Не е повреден   ползва се в читалня 767011 Регионална библиотека "Любен Каравелов" Русе Регионална библиотека "Любен Каравелов" Русе Хранилище 2020-05-04 Основен фонд - ползва се само за читалня 0.69 5060/64 Цб М ІІ 2928 900000006499 0.35 Нотни издания
  Не е изгубен Universal Decimal Classification Не е повреден   ползва се в читалня 767013 Регионална библиотека "Любен Каравелов" Русе Регионална библиотека "Любен Каравелов" Русе Хранилище 2020-05-04 Основен фонд - ползва се само за читалня 0.70 7787/65 Цб М ІІ 2928 900000006500 0.36 Нотни издания
Vip Innovations Ltd, Rousse, Bulgaria 2025